[Event "Mittelfrank Regionalliga Sud-West 2223"]
[Site "Mittelfranken"]
[Date "2022.12.11"]
[Round "4.6"]
[White "Cuadrado, Guillermo"]
[Black "Schmitz, Tim"]
[Result "1-0"]
[WhiteElo "2092"]
[BlackElo "1885"]
[PlyCount "81"]
[EventDate "2022.10.09"]
[EventType "team-tourn"]
[EventRounds "9"]
[EventCountry "GER"]
[SourceTitle "EXT 2024"]
[Source "ChessBase"]
[SourceDate "2023.10.10"]
[SourceVersion "1"]
[SourceVersionDate "2023.10.10"]
[SourceQuality "1"]
[WhiteTeam "Altstadt Roter Turm"]
[BlackTeam "Sendling"]
[WhiteTeamCountry "GER"]
[BlackTeamCountry "GER"]

1. d4 Nf6 2. Bf4 g6 3. Nc3 d5 4. e3 Bg7 5. h4 h5 6. Nf3 Bg4 7. Qd2 0-0 8. Ne5 Be6 9. f3 c5 10. 0-0-0 Nc6 11. Be2 Rc8 12. g4 Qa5 13. Kb1 cxd4 14. exd4 Rfd8 15. Rhg1 Nb4 16. a3 Na6 17. gxh5 Nxh5 18. Bh6 Rxc3 19. Bxg7 Rxa3 20. bxa3 Qxd2 21. Rxd2 Kxg7 22. Ka2 Nf4 23. Rb1 Nxe2 24. Rxe2 b6 25. h5 Bf5 26. hxg6 fxg6 27. Rg1 Rc8 28. Kb2 b5 29. c3 Nc7 30. Nxg6 Bxg6 31. Reg2 Ne6 32. Rxg6+ Kf7 33. Rh6 a5 34. Rh5 b4 35. Rf5+ Ke8 36. Rg8+ Kd7 37. Rxc8 Kxc8 38. Rxd5 bxa3+ 39. Kxa3 Kc7 40. Rxa5 Kb6 41. Re5 1-0

[Event "Mittelfrank Regionalliga Sud-West 2122"]
[Site "Mittelfranken"]
[Date "2022.05.29"]
[Round "9.6"]
[White "Cuadrado, Guillermo"]
[Black "Krasotin, Valentin"]
[Result "0-1"]
[WhiteElo "2028"]
[BlackElo "1986"]
[PlyCount "50"]
[EventDate "2021.10.24"]
[EventType "team-tourn"]
[EventRounds "9"]
[EventCountry "GER"]
[SourceTitle "EXT 2024"]
[Source "ChessBase"]
[SourceDate "2023.10.10"]
[SourceVersion "1"]
[SourceVersionDate "2023.10.10"]
[SourceQuality "1"]
[WhiteTeam "Altstadt Roter Turm"]
[BlackTeam "Garching III"]
[WhiteTeamCountry "GER"]
[BlackTeamCountry "GER"]

1. d4 Nf6 2. Bf4 d5 3. e3 Bf5 4. c4 e6 5. Nc3 Na6 6. Nf3 c5 7. cxd5 exd5 8. Bb5+ Bd7 9. 0-0 Bxb5 10. Nxb5 Be7 11. dxc5 0-0 12. a3 Nxc5 13. Rc1 Ne6 14. Be5 Qb6 15. Qe2 a6 16. Nbd4 Nd7 17. Nxe6 fxe6 18. Bc7 Qa7 19. Ne5 Nc5 20. b4 Rac8 21. bxc5 Rxc7 22. c6 Bxa3 23. Ra1 Bd6 24. Qg4 Re8 25. f4 Qxe3+ 0-1

[Event "Mittelfrank Regionalliga Sud-West 2122"]
[Site "Mittelfranken"]
[Date "2022.05.15"]
[Round "5.6"]
[White "Cuadrado, Guillermo"]
[Black "Kowalewski, Przemyslaw"]
[Result "1/2-1/2"]
[WhiteElo "2028"]
[BlackElo "1829"]
[PlyCount "92"]
[EventDate "2021.10.24"]
[EventType "team-tourn"]
[EventRounds "9"]
[EventCountry "GER"]
[SourceTitle "EXT 2024"]
[Source "ChessBase"]
[SourceDate "2023.10.10"]
[SourceVersion "1"]
[SourceVersionDate "2023.10.10"]
[SourceQuality "1"]
[WhiteTeam "Altstadt Roter Turm"]
[BlackTeam "Haunstetten II"]
[WhiteTeamCountry "GER"]
[BlackTeamCountry "GER"]

1. d4 d5 2. Bf4 Nf6 3. e3 g6 4. Nc3 c6 5. Nf3 Bg4 6. Be2 Bg7 7. h3 Bxf3 8. Bxf3 0-0 9. 0-0 Nbd7 10. e4 dxe4 11. Nxe4 Nd5 12. Bg5 N7f6 13. Nd2 h6 14. Bh4 Nf4 15. Nc4 N6d5 16. Re1 Re8 17. c3 g5 18. Bg3 Ng6 19. Qb3 b5 20. Ne5 Nxe5 21. Bxe5 e6 22. Rad1 Qd7 23. Bxg7 Kxg7 24. g3 Nb6 25. Kg2 a5 26. Qc2 Rac8 27. b3 f5 28. c4 b4 29. Re5 Qa7 30. Qe2 Kf6 31. Re1 Qd7 32. d5 Na8 33. Rxe6+ Rxe6 34. Qxe6+ Qxe6 35. Rxe6+ Kg7 36. Rxc6 Rxc6 37. dxc6 Kf6 38. Kf1 Ke5 39. Ke2 Kd4 40. Kd2 Nc7 41. Bd5 f4 42. gxf4 gxf4 43. Bf3 Ne6 44. Bg4 Nc7 45. Bd7 Na6 46. Bg4 Nc7 1/2-1/2

[Event "DSOL 02 Liga Gr-A 1st"]
[Site "Playchess.com INT"]
[Date "2020.07.10"]
[Round "3.3"]
[White "Barker, Peter"]
[Black "Cuadrado, Guillermo"]
[Result "1/2-1/2"]
[WhiteElo "1810"]
[BlackElo "2055"]
[PlyCount "45"]
[EventDate "2020.06.22"]
[EventType "team-tourn (rapid)"]
[EventCountry "GER"]
[SourceTitle "EXT 2021"]
[Source "ChessBase"]
[SourceDate "2020.10.23"]
[SourceVersion "1"]
[SourceVersionDate "2020.10.23"]
[SourceQuality "1"]
[WhiteTeam "Walldorf"]
[BlackTeam "Altstadt Roter Turm"]
[WhiteTeamCountry "GER"]
[BlackTeamCountry "GER"]

1. d4 g6 2. Bf4 Bg7 3. e3 d6 4. Nd2 Nf6 5. h3 0-0 6. Ngf3 Nbd7 7. Be2 b6 8. 0-0 Bb7 9. c3 c5 10. a4 a6 11. Bh2 Qc7 12. Qb3 Bd5 13. c4 Bb7 14. d5 e5 15. dxe6 fxe6 16. Qd3 Ne8 17. Ne4 Ne5 18. Nxe5 Bxe5 19. Bxe5 dxe5 20. Rfd1 Bxe4 21. Qxe4 Nf6 22. Qc2 Rad8 23. Rxd8 1/2-1/2

[Event "Regionalliga Sued-West 1819"]
[Site "Bayern"]
[Date "2018.12.16"]
[Round "4.2"]
[White "Kornitzky, Tino"]
[Black "Cuadrado, Guillermo"]
[Result "1/2-1/2"]
[WhiteElo "2088"]
[BlackElo "2065"]
[PlyCount "94"]
[EventDate "2018.10.21"]
[EventType "team-tourn"]
[EventRounds "9"]
[EventCountry "GER"]
[SourceTitle "EXT 2022"]
[Source "ChessBase"]
[SourceDate "2021.10.06"]
[SourceVersion "1"]
[SourceVersionDate "2021.10.06"]
[SourceQuality "1"]
[WhiteTeam "Muenchen Bayern III"]
[BlackTeam "Altstadt Roter Turm"]
[WhiteTeamCountry "GER"]
[BlackTeamCountry "GER"]

1. d4 d6 2. Nf3 Bg4 3. c4 Bxf3 4. exf3 c6 5. Nc3 Nd7 6. Be2 Ngf6 7. 0-0 g6 8. Re1 Bg7 9. Bf1 0-0 10. h3 Re8 11. Be3 e6 12. Qd2 d5 13. cxd5 Nxd5 14. Nxd5 exd5 15. Rac1 Re6 16. Bh6 Bxh6 17. Qxh6 Qf6 18. Rxe6 fxe6 19. Qe3 e5 20. dxe5 Qxe5 21. Qb3 Rb8 22. Rc3 Qd6 23. Re3 a6 24. Qd1 Kf7 25. Qe1 Nf6 26. Rb3 b5 27. g3 Re8 28. Qa5 c5 29. a4 c4 30. Rb4 Rb8 31. axb5 Qb6 32. Qa3 axb5 33. b3 Qc7 34. bxc4 bxc4 35. Ra4 Qe7 36. Qc1 Rb7 37. Ra3 Rc7 38. Rc3 Qc5 39. Qf4 Kg7 40. g4 Rf7 41. Qe5 Qe7 42. Qd4 Qa7 43. Qd2 Qc5 44. Rc1 Nd7 45. Qc3+ Kg8 46. Re1 Re7 47. Ra1 Nb6 1/2-1/2

[Event "Regionalliga Sued-West 1819"]
[Site "Bayern"]
[Date "2018.10.21"]
[Round "1.3"]
[White "Erler, Mark"]
[Black "Cuadrado, Guillermo"]
[Result "0-1"]
[WhiteElo "2008"]
[BlackElo "2065"]
[PlyCount "126"]
[EventDate "2018.10.21"]
[EventType "team-tourn"]
[EventRounds "9"]
[EventCountry "GER"]
[SourceTitle "EXT 2022"]
[Source "ChessBase"]
[SourceDate "2021.10.06"]
[SourceVersion "1"]
[SourceVersionDate "2021.10.06"]
[SourceQuality "1"]
[WhiteTeam "Tuerkheim/Bad Woerishofen"]
[BlackTeam "Altstadt Roter Turm"]
[WhiteTeamCountry "GER"]
[BlackTeamCountry "GER"]

1. d4 d6 2. Nf3 Bg4 3. Nbd2 Nf6 4. g3 c6 5. Bg2 g6 6. h3 Bf5 7. 0-0 Qc8 8. Kh2 Bg7 9. Re1 Ne4 10. Nxe4 Bxe4 11. Bf4 h6 12. Ng1 Bxg2 13. Kxg2 g5 14. Bc1 0-0 15. e4 e6 16. c3 Nd7 17. b3 Qc7 18. Ba3 c5 19. Bb2 d5 20. e5 f5 21. f4 gxf4 22. gxf4 Kh7 23. Nf3 Qd8 24. Rg1 Qe8 25. Kh2 cxd4 26. cxd4 Rc8 27. Rg2 Rg8 28. Qe2 Bf8 29. Rag1 Rxg2+ 30. Rxg2 Be7 31. Qb5 Nxe5 32. Qe2 Nxf3+ 33. Qxf3 Qf7 34. Qe2 Bd6 35. Qd2 Rg8 36. Bc1 Rxg2+ 37. Kxg2 Qg6+ 38. Kf2 Qh5 39. Qe3 Qh4+ 40. Kg2 Qf6 41. Qc3 Qg7+ 42. Kf2 Qc7 43. Qxc7+ Bxc7 44. Kf3 Ba5 45. Ba3 Bc3 46. Ke3 Kg7 47. Bc5 b6 48. Bd6 Kf7 49. a4 a6 50. b4 b5 51. axb5 axb5 52. Bc5 Kg6 53. Be7 Kh5 54. Kd3 Be1 55. Ke2 Bh4 56. Bc5 Bg3 57. Kf3 Kh4 58. Bf8 h5 59. Kg2 Bxf4 60. Be7+ Bg5 61. Bd6 Bf6 62. Bg3+ Kg5 63. Bf2 Kf4 0-1

[Event "Munich OIS op 37th"]
[Site "Munich"]
[Date "2017.10.06"]
[Round "7"]
[White "Ryzhkov, Vadim"]
[Black "Cuadrado, Guillermo"]
[Result "1/2-1/2"]
[WhiteElo "2145"]
[BlackElo "2088"]
[PlyCount "93"]
[EventDate "2017.09.30"]
[EventType "swiss"]
[EventRounds "9"]
[EventCountry "GER"]
[SourceTitle "CBM 181 Extra"]
[Source "ChessBase"]
[SourceDate "2017.12.12"]
[SourceVersion "1"]
[SourceVersionDate "2017.12.12"]
[SourceQuality "1"]

1. e4 c5 2. c3 d5 3. exd5 Qxd5 4. d4 Nf6 5. Nf3 Bg4 6. dxc5 Qxd1+ 7. Kxd1 e5 8. b4 e4 9. h3 Bh5 10. g4 Nxg4 11. hxg4 Bxg4 12. Nbd2 h5 13. Kc2 exf3 14. Bd3 Nc6 15. Re1+ Kd7 16. Nc4 Re8 17. Bf4 Rxe1 18. Rxe1 f6 19. Rd1 Kc8 20. Be4 g5 21. Bh2 f5 22. Bxc6 bxc6 23. Be5 Rh6 24. Bd6 Bxd6 25. Nxd6+ Kb8 26. Nf7 Re6 27. Nxg5 Re2+ 28. Kb3 Rxf2 29. Rd8+ Kb7 30. Rd3 Rf1 31. Ka4 f2 32. Rd2 h4 33. Ne6 Rd1 34. Rxf2 Rd3 35. Kb3 h3 36. Nd4 Rg3 37. Nxf5 Rg2 38. Nd6+ Ka6 39. Rf1 h2 40. Rh1 Re2 41. a4 Be6+ 42. c4 Re3+ 43. Kb2 Rh3 44. a5 Bg4 45. Kc2 Bf3 46. Ra1 Be2 47. Rh1 1/2-1/2

[Event "Munich OIS op 37th"]
[Site "Munich"]
[Date "2017.10.05"]
[Round "6"]
[White "Cuadrado, Guillermo"]
[Black "Fedorovsky, Michael"]
[Result "0-1"]
[WhiteElo "2088"]
[BlackElo "2478"]
[PlyCount "80"]
[EventDate "2017.09.30"]
[EventType "swiss"]
[EventRounds "9"]
[EventCountry "GER"]
[SourceTitle "CBM 181 Extra"]
[Source "ChessBase"]
[SourceDate "2017.12.12"]
[SourceVersion "1"]
[SourceVersionDate "2017.12.12"]
[SourceQuality "1"]

1. d4 Nf6 2. Bf4 d5 3. e3 c5 4. c3 Nc6 5. Nd2 e6 6. Bd3 Bd6 7. Bxd6 Qxd6 8. f4 cxd4 9. cxd4 Bd7 10. a3 Ne7 11. Ngf3 Nf5 12. Qe2 Qb6 13. Rb1 a6 14. Ne5 Bb5 15. 0-0 Nd6 16. Rfc1 0-0 17. Rc2 Rfc8 18. Rbc1 Rxc2 19. Rxc2 Nfe4 20. Nxe4 dxe4 21. Bc4 Rd8 22. Qd2 Nf5 23. Bf1 Bxf1 24. Kxf1 f6 25. Nc4 Qb5 26. g4 Rc8 27. gxf5 Rxc4 28. Rxc4 Qxc4+ 29. Kf2 exf5 30. Qc3 Qxc3 31. bxc3 b5 32. Ke2 Kf7 33. Kf2 g5 34. Kg3 Ke6 35. h4 h6 36. h5 Kd5 37. Kf2 a5 38. Ke2 Kc4 39. Kd2 gxf4 40. exf4 b4 0-1

[Event "Regionalliga SW 1314"]
[Site "Bayern"]
[Date "2013.11.10"]
[Round "2.3"]
[White "Rusche, Johannes"]
[Black "Cuadrado, Guillermo"]
[Result "1-0"]
[WhiteElo "2219"]
[BlackElo "2049"]
[PlyCount "95"]
[EventDate "2013.10.13"]
[EventType "team-tourn"]
[EventRounds "9"]
[EventCountry "GER"]
[SourceTitle "EXT 2015"]
[Source "ChessBase"]
[SourceDate "2014.11.20"]
[SourceVersion "1"]
[SourceVersionDate "2014.11.20"]
[SourceQuality "1"]
[WhiteTeam "Garching II"]
[BlackTeam "Muenchen RTA"]
[WhiteTeamCountry "GER"]
[BlackTeamCountry "GER"]

1. e4 g6 2. d4 Bg7 3. Nc3 c5 4. dxc5 Bxc3+ 5. bxc3 Qa5 6. Qd4 Nf6 7. f3 Nc6 8. Qc4 d5 9. cxd6 Be6 10. Qd3 Rd8 11. Bd2 a6 12. Qe3 Rxd6 13. c4 Rxd2 14. Qxd2 Qc5 15. Ne2 Bxc4 16. Nf4 0-0 17. Bxc4 Qxc4 18. Nd3 Qd4 19. Rb1 Rd8 20. Kf1 Ne5 21. Qf2 Qc3 22. Rd1 Nc4 23. g3 Rc8 24. Kg2 Na3 25. Rd2 Nc4 26. Re2 Na3 27. Rd1 b5 28. Ne1 Nc4 29. Qd4 Qa5 30. e5 Nh5 31. Qd7 Rf8 32. Qxe7 Ng7 33. e6 Nf5 34. exf7+ Kg7 35. Qe6 Qc3 36. Rd3 Qa1 37. g4 Nh4+ 38. Kg3 g5 39. Qd5 Qf6 40. Qd4 Rxf7 41. Qxf6+ Kxf6 42. f4 h6 43. fxg5+ hxg5 44. Rf2+ Ke6 45. Rxf7 Kxf7 46. Nf3 Nxf3 47. Rxf3+ Kg6 48. h4 1-0

[Event "Munich-ch MK op"]
[Site "Munich"]
[Date "2013.01.11"]
[Round "1"]
[White "Kalinin, Oleksandr"]
[Black "Cuadrado, Guillermo"]
[Result "1/2-1/2"]
[WhiteElo "1975"]
[BlackElo "2138"]
[PlyCount "33"]
[EventDate "2013.01.11"]
[EventType "swiss"]
[EventRounds "7"]
[EventCountry "GER"]
[SourceTitle "EXT 2015"]
[Source "ChessBase"]
[SourceDate "2014.11.20"]
[SourceVersion "1"]
[SourceVersionDate "2014.11.20"]
[SourceQuality "1"]

1. d4 f5 2. e4 fxe4 3. Nc3 Nf6 4. f3 e3 5. Bxe3 e6 6. Bd3 b6 7. Nh3 Bb7 8. 0-0 Nc6 9. Nf4 Nb4 10. Bc4 Bd6 11. a3 Nbd5 12. Qd2 0-0 13. Nd3 Nxc3 14. bxc3 Nd5 15. Bg5 Be7 16. Bxe7 Qxe7 17. Ne5 1/2-1/2

[Event "Regionalliga SO 0102"]
[Site "Bayern"]
[Date "2002.04.28"]
[Round "9.3"]
[White "Cuadrado, Guillermo"]
[Black "Schmidt, Anton"]
[Result "1-0"]
[WhiteElo "2190"]
[BlackElo "2090"]
[PlyCount "79"]
[EventDate "2001.10.07"]
[EventType "team"]
[EventRounds "9"]
[EventCountry "GER"]
[SourceTitle "EXT 2003"]
[Source "ChessBase"]
[SourceDate "2002.11.25"]
[SourceVersion "1"]
[SourceVersionDate "2002.11.25"]
[SourceQuality "1"]
[WhiteTeam "Dorfen"]
[BlackTeam "Landshut"]
[WhiteTeamCountry "GER"]
[BlackTeamCountry "GER"]

1. d4 Nf6 2. Bg5 Ne4 3. Bf4 c5 4. f3 Qa5+ 5. c3 Nf6 6. Nd2 cxd4 7. Nb3 Qb6 8. Qxd4 Nc6 9. Qxb6 axb6 10. Nd4 e5 11. Nxc6 exf4 12. Nd4 Bc5 13. a3 0-0 14. g3 Nd5 15. gxf4 Nxf4 16. e3 Re8 17. Kd2 Nd5 18. Re1 Nc7 19. Bd3 d5 20. Nge2 Bd7 21. Rhg1 Re5 22. Ng3 Rae8 23. f4 Bxd4 24. cxd4 R5e6 25. Bf5 R6e7 26. Bxd7 Rxd7 27. Nh5 Kh8 28. Nxg7 Rg8 29. Nf5 Rg6 30. Rc1 Rc6 31. Rxc6 bxc6 32. Rc1 c5 33. dxc5 d4 34. exd4 bxc5 35. Rxc5 Rd5 36. Rxd5 Nxd5 37. a4 Kg8 38. a5 Kf8 39. Kd3 Ke8 40. Kc4 1-0

[Event "Landesliga Sued 0001"]
[Site "Bayern"]
[Date "2000.11.12"]
[Round "2"]
[White "Schamberger, Alfons"]
[Black "Cuadrado, Guillermo"]
[Result "1-0"]
[WhiteElo "2110"]
[BlackElo "2200"]
[PlyCount "81"]
[EventDate "2000.10.15"]
[EventType "team-tourn"]
[EventRounds "9"]
[EventCountry "GER"]
[SourceTitle "EXT 2020"]
[Source "ChessBase"]
[SourceDate "2019.10.17"]
[SourceVersion "1"]
[SourceVersionDate "2019.10.17"]
[SourceQuality "1"]
[WhiteTeam "Sendling SC"]
[BlackTeam "Dorfen PSV"]
[WhiteTeamCountry "GER"]
[BlackTeamCountry "GER"]

1. Nf3 Nf6 2. g3 g6 3. Bg2 Bg7 4. 0-0 0-0 5. d3 c5 6. e4 Nc6 7. Nc3 d6 8. Bd2 Rb8 9. Ne2 b6 10. c3 Ba6 11. Qc2 Nxe4 12. dxe4 Bxe2 13. Rfe1 Ba6 14. Rad1 Qc7 15. Nh4 b5 16. Qc1 Rfc8 17. Bh6 Bh8 18. Bh3 Re8 19. f4 b4 20. Rd2 Bc8 21. Bg2 Be6 22. c4 b3 23. a3 Nd4 24. Rf1 Nc2 25. Rd5 Bxd5 26. exd5 Ne3 27. Rf3 Nxg2 28. Kxg2 e6 29. f5 exf5 30. Nxf5 Re2+ 31. Kh3 Rbe8 32. Qf4 R8e5 33. g4 f6 34. Rxb3 R2e4 35. Qg3 Kf7 36. Rb7 Qxb7 37. Nxd6+ Ke7 38. Nxb7 Re2 39. Bf4 R5e4 40. d6+ Kd7 41. Nxc5+ 1-0

[Event "Regionalliga SO 9697"]
[Site "Bayern"]
[Date "1996.10.13"]
[Round "1"]
[White "Cuadrado, Guillermo"]
[Black "Zenker, Ulrich"]
[Result "1/2-1/2"]
[WhiteElo "2155"]
[BlackElo "2190"]
[PlyCount "68"]
[EventDate "1996.10.13"]
[EventType "team-tourn"]
[EventRounds "9"]
[EventCountry "GER"]
[SourceTitle "EXT 1999"]
[Source "ChessBase"]
[SourceDate "1998.11.16"]
[SourceVersion "1"]
[SourceVersionDate "1998.11.16"]
[SourceQuality "1"]
[WhiteTeam "Dorfen PSV"]
[BlackTeam "Ebersberg Grafing"]
[WhiteTeamCountry "GER"]
[BlackTeamCountry "GER"]

1. c4 e6 2. Nf3 Nf6 3. g3 b6 4. Bg2 Bb7 5. 0-0 Be7 6. d4 0-0 7. d5 exd5 8. Nh4 c6 9. cxd5 Nxd5 10. Nf5 Nc7 11. e4 d5 12. Nc3 Nba6 13. Bf4 Re8 14. Qg4 g6 15. Nh6+ Kf8 16. exd5 Nxd5 17. Rad1 Bc8 18. Qf3 Be6 19. Ng4 Bg5 20. Ne5 Bxf4 21. Nxc6 Qf6 22. Nxd5 Bxd5 23. Rxd5 Qxc6 24. Qxf4 Rab8 25. Qh6+ Kg8 26. Rh5 Qf6 27. Qxh7+ Kf8 28. Qh8+ Qxh8 29. Rxh8+ Kg7 30. Rxe8 Rxe8 31. Bf3 Nb4 32. a3 Nd3 33. b4 Ne5 34. Kg2 Rc8 1/2-1/2

[Event "Landesliga Sued 9495"]
[Site "Bayern"]
[Date "1995.04.30"]
[Round "8.1"]
[White "Klundt, Klaus"]
[Black "Cuadrado, Guillermo"]
[Result "0-1"]
[WhiteElo "2310"]
[BlackElo "2175"]
[PlyCount "66"]
[EventDate "1994.10.09"]
[EventType "team-tourn"]
[EventRounds "9"]
[EventCountry "GER"]
[SourceTitle "EXT 1999"]
[Source "ChessBase"]
[SourceDate "1998.11.16"]
[SourceVersion "1"]
[SourceVersionDate "1998.11.16"]
[SourceQuality "1"]
[WhiteTeam "Tegernsee TV"]
[BlackTeam "Dorfen PSV"]
[WhiteTeamCountry "GER"]
[BlackTeamCountry "GER"]

1. e4 c5 2. Nf3 Nc6 3. d4 cxd4 4. Nxd4 Nf6 5. Nc3 e6 6. Ndb5 d6 7. Bf4 e5 8. Bg5 a6 9. Na3 b5 10. Nd5 Be7 11. Bxf6 Bxf6 12. c3 Rb8 13. Nc2 Bg5 14. a4 bxa4 15. Ncb4 Nxb4 16. Nxb4 0-0 17. Nc6 Qb6 18. Nxb8 Qxb2 19. Bxa6 Qxc3+ 20. Kf1 Bg4 21. Be2 Bxe2+ 22. Kxe2 Rxb8 23. Rxa4 g6 24. h4 Rb2+ 25. Kf1 Qc5 26. Ra8+ Kg7 27. Qe1 Qb5+ 28. Kg1 Rb1 29. Kh2 Rxe1 30. Rxe1 Bxh4 31. g3 Bg5 32. Kg2 d5 33. Ra2 dxe4 0-1

[Event "Landesliga Sued 9495"]
[Site "Bayern"]
[Date "1995.04.02"]
[Round "7.4"]
[White "Cuadrado, Guillermo"]
[Black "Magg, Christian"]
[Result "1/2-1/2"]
[WhiteElo "2160"]
[BlackElo "2120"]
[PlyCount "62"]
[EventDate "1994.10.09"]
[EventType "team-tourn"]
[EventRounds "9"]
[EventCountry "GER"]
[SourceTitle "EXT 2020"]
[Source "ChessBase"]
[SourceDate "2019.10.17"]
[SourceVersion "1"]
[SourceVersionDate "2019.10.17"]
[SourceQuality "1"]
[WhiteTeam "Dorfen PSV"]
[BlackTeam "Krumbach"]
[WhiteTeamCountry "GER"]
[BlackTeamCountry "GER"]

1. c4 e5 2. Nc3 Nf6 3. g3 Bc5 4. Bg2 c6 5. e3 0-0 6. Nge2 d5 7. cxd5 cxd5 8. d4 exd4 9. exd4 Bb4 10. 0-0 h6 11. Qb3 Bxc3 12. Nxc3 Nc6 13. Be3 Na5 14. Qc2 Be6 15. Rac1 Qd7 16. Qa4 Nc6 17. Rfe1 a6 18. Qd1 b5 19. Ne2 Rac8 20. Nf4 Bf5 21. Nd3 Bxd3 22. Qxd3 Rfe8 23. Qa3 a5 24. Bf1 b4 25. Qb3 Ne7 26. a3 Rxc1 27. Rxc1 Qb7 28. Rc5 Nf5 29. Rxa5 Nxe3 30. fxe3 Qe7 31. axb4 Qe4 1/2-1/2

[Event "Landesliga Sued 9495"]
[Site "Bayern"]
[Date "1995.02.05"]
[Round "5.4"]
[White "Cuadrado, Guillermo"]
[Black "Absmaier, Friedrich"]
[Result "1-0"]
[WhiteElo "2160"]
[BlackElo "2125"]
[PlyCount "72"]
[EventDate "1994.10.09"]
[EventType "team-tourn"]
[EventRounds "9"]
[EventCountry "GER"]
[SourceTitle "EXT 2020"]
[Source "ChessBase"]
[SourceDate "2019.10.17"]
[SourceVersion "1"]
[SourceVersionDate "2019.10.17"]
[SourceQuality "1"]
[WhiteTeam "Dorfen PSV"]
[BlackTeam "Starnberg SC"]
[WhiteTeamCountry "GER"]
[BlackTeamCountry "GER"]

1. c4 Nf6 2. Nc3 c5 3. g3 Nc6 4. Bg2 g6 5. a3 Bg7 6. Rb1 a5 7. d3 0-0 8. e3 e5 9. Nge2 d6 10. 0-0 Be6 11. Nd5 Nd7 12. Nec3 Ra6 13. Bd2 Nb6 14. Nb5 Bxd5 15. cxd5 Ne7 16. e4 Qd7 17. a4 Kh8 18. b3 Nbc8 19. f4 Ng8 20. Na3 f5 21. Bh3 Nce7 22. Qe1 b6 23. Nc4 b5 24. axb5 Qxb5 25. fxe5 dxe5 26. Bxa5 f4 27. Bc3 Qb8 28. gxf4 exf4 29. Bxg7+ Kxg7 30. Qc3+ Nf6 31. d6 Nc6 32. Rxf4 Nd4 33. Qb2 g5 34. Rf2 g4 35. Bg2 h5 36. e5 Nd5 1-0